| 000 -LEADER |
| fixed length control field |
00780nam a22002177a 4500 |
| 005 - DATE AND TIME OF LATEST TRANSACTION |
| control field |
20231120142005.0 |
| 008 - FIXED-LENGTH DATA ELEMENTS--GENERAL INFORMATION |
| fixed length control field |
231120b ||||| |||| 00| 0 eng d |
| 020 ## - INTERNATIONAL STANDARD BOOK NUMBER |
| International Standard Book Number |
9781250090553 |
| 040 ## - CATALOGING SOURCE |
| Transcribing agency |
KH8 |
| 082 ## - DEWEY DECIMAL CLASSIFICATION NUMBER |
| Classification number |
FIC FOR |
| 100 ## - MAIN ENTRY--PERSONAL NAME |
| Personal name |
Forester, Victoria |
| Relator term |
Author |
| 245 ## - TITLE STATEMENT |
| Title |
The boy who knew everything / |
| Statement of responsibility, etc. |
Victoria Forester |
| 260 ## - PUBLICATION, DISTRIBUTION, ETC. |
| Place of publication, distribution, etc. |
New York, |
| Name of publisher, distributor, etc. |
Feiwel and Friends, |
| Date of publication, distribution, etc. |
2015 |
| 300 ## - PHYSICAL DESCRIPTION |
| Extent |
406 pages ; |
| Dimensions |
22 cm |
| 440 ## - SERIES STATEMENT/ADDED ENTRY--TITLE |
| Title |
Piper McCloud |
| Volume/sequential designation |
2 |
| 520 ## - SUMMARY, ETC. |
| Summary, etc. |
In the wake of a prophecy that says they have the power to bring about great change, genius Conrad Harrington III teams up with Piper McCloud, the girl who could fly, to try to save the world and themselves |
| 650 ## - SUBJECT ADDED ENTRY--TOPICAL TERM |
| Topical term or geographic name entry element |
Fiction |
| 650 ## - SUBJECT ADDED ENTRY--TOPICAL TERM |
| Topical term or geographic name entry element |
Friendship |
| 650 ## - SUBJECT ADDED ENTRY--TOPICAL TERM |
| Topical term or geographic name entry element |
Friendship Fiction |
| 942 ## - ADDED ENTRY ELEMENTS (KOHA) |
| Source of classification or shelving scheme |
|
| Koha item type |
Books - Fiction |